000
00351nam a2200169Ia 4500
100
_a
Krishnamurthi/V
650
_a
Control Systems
942
_c
BK
366
_f
20
654
_a
control systems
245
_a
Control systems
260
_b
CBS
_c
2014
082
_a
629.8312
_b
KRI
300
_a
734
546
_a
ENGLISH
_c
Info.Tech
999
_c
25858
_d
25858